[Event "Liga Insular Gran Canaria 3a"]
[Site "Las Palmas"]
[Date "2019.04.06"]
[Round "5.1"]
[White "Rojas Valdive, Ruben Dario"]
[Black "Arutyunyan, Mikael"]
[Result "1-0"]
[WhiteElo "1944"]
[BlackElo "1262"]
[PlyCount "55"]
[EventDate "2019.03.02"]
[EventType "team-tourn"]
[EventRounds "9"]
[EventCountry "ESP"]
[SourceTitle "EXT 2021"]
[Source "ChessBase"]
[SourceDate "2020.10.23"]
[SourceVersion "1"]
[SourceVersionDate "2020.10.23"]
[SourceQuality "1"]
[WhiteTeam "Firgas"]
[BlackTeam "Fundacion La Caja de Canarias V"]
[WhiteTeamCountry "ESP"]
[BlackTeamCountry "ESP"]

1. e4 e5 2. Nf3 d5 3. d4 dxe4 4. Nxe5 Bd6 5. Nc4 f5 6. Nxd6+ Qxd6 7. c4 Nf6 8. c5 Qd8 9. Bc4 b6 10. 0-0 Nd5 11. f3 0-0 12. fxe4 fxe4 13. Rxf8+ Kxf8 14. Qh5 Be6 15. Bg5 Nf6 16. Bxf6 Qxf6 17. Bxe6 Qxe6 18. Qxh7 Qd5 19. Nc3 Qxd4+ 20. Kh1 Ke7 21. Rd1 Qe5 22. Nd5+ Kf7 23. Rf1+ Ke6 24. Nxc7+ Qxc7 25. Qf5+ Ke7 26. Qxe4+ Kd8 27. Rf8+ Kd7 28. Qe8# 1-0